000
00273nam a2200121Ia 4500
008
190216s9999||||xx |||||||||||||| ||und||
100
_a
Pinsky A A
245
0
_a
Problems In Physics
260
_b
Mir Pubs Moscow
_c
1980
300
_a
332p
650
_a
Physics
942
_c
BK
999
_c
32856
_d
32856